000 00312nam a22001457a 4500
020 _a81-304-0043-X
082 _a001
_bDUA/P
100 _aPUSHPA SINHA
245 _aTHE PRIME MINISTERS OF INDIA
250 _aFIRST
260 _aDELHI
_c2004
300 _a192
650 _aPRIME MINISTERS
_zDELHI
942 _cBK
999 _c6546
_d6546